[Event "ICS rated blitz match"]
[Site "204.178.125.65"]
[Date "2000.11.29"]
[Round "?"]
[White "Hossa"]
[Black "Yariv"]
[Result "1/2-1/2"]
[WhiteElo "2499"]
[BlackElo "2267"]
[PlyCount "191"]
[EventDate "2000.??.??"]

1. e4 c5 2. Nf3 d6 3. d4 cxd4 4. Nxd4 Nf6 5. Nc3 Bd7 6. Bg5 e6 7. Bc4 a6 8. O-O
Be7 9. Nb3 Qc7 10. Be2 O-O 11. Qd2 h6 12. Bh4 Nxe4 13. Nxe4 Bxh4 14. Nxd6 Bc6
15. Rfd1 Be7 16. Nc4 Nd7 17. Nd4 Bd5 18. Ne3 Nf6 19. Nxd5 Nxd5 20. Bf3 Rad8 21.
Qe2 Bf6 22. Nxe6 fxe6 23. Qxe6+ Kh8 24. Rxd5 Qxc2 25. Rxd8 Rxd8 26. Qb6 Qxb2
27. Qxb2 Bxb2 28. Re1 b6 29. Re6 Bd4 30. Kf1 Bc5 31. Be4 Kg8 32. Bg6 Kf8 33. g3
Rb8 34. Re2 Be7 35. Re3 b5 36. Re6 a5 37. Ra6 a4 38. Ra5 Bd6 39. Bd3 Bc7 40.
Rxb5 Rxb5 41. Bxb5 a3 42. f4 Ke7 43. Ke2 Kf6 44. Kf3 g5 45. h4 gxf4 46. gxf4
Kf5 47. Bd3+ Kf6 48. h5 Bd6 49. Ke4 Bb8 50. Bb5 Bc7 51. Bc4 Bb8 52. Kf3 Bc7 53.
Be2 Bb8 54. Ke4 Bc7 55. Bg4 Bb8 56. Bd7 Bc7 57. Bc6 Bb8 58. Bd5 Bc7 59. Bb7 Bb8
60. Bc8 Bc7 61. Bh3 Bb8 62. Bf5 Bc7 63. Bg6 Bb8 64. Be8 Bc7 65. Ba4 Bb8 66. Bb3
Bc7 67. Bg8 Bb8 68. Kf3 Bc7 69. Bh7 Bb8 70. Be4 Bc7 71. Bc2 Bb8 72. Ba4 Bc7 73.
Bb5 Bb8 74. Bc6 Bc7 75. Kg4 Bb8 76. Be4 Bc7 77. Bd3 Bb8 78. Bc2 Bc7 79. Bf5 Bb8
80. Bc8 Bc7 81. Bd7 Bb8 82. Bb5 Bc7 83. Bc4 Bb8 84. Bd5 Bc7 85. Bb7 Bb8 86. Bf3
Bc7 87. Bd1 Bb8 88. Ba4 Bc7 89. Be8 Bb8 90. Bg6 Bc7 91. Bb1 Bb8 92. Bh7 Bc7 93.
Bc2 Bb8 94. Bb3 Bc7 95. f5 Bb8 96. Bd5 {Game drawn by mutual agreement} 1/2-1/2

[Event "ICS rated blitz match"]
[Site "204.178.125.65"]
[Date "2000.11.29"]
[Round "?"]
[White "Hossa"]
[Black "Amateur"]
[Result "1-0"]
[WhiteElo "2508"]
[BlackElo "2526"]
[PlyCount "137"]
[EventDate "2000.??.??"]

1. e4 c6 2. d4 d5 3. Nc3 dxe4 4. Nxe4 Bf5 5. Ng3 Bg6 6. h4 h6 7. Nf3 e6 8. Ne5
Bh7 9. Bd3 Bxd3 10. Qxd3 Nd7 11. Nf3 Qb6 12. O-O Ngf6 13. Bf4 Nd5 14. Bd2 O-O-O
15. c4 Nc7 16. a4 c5 17. a5 Qc6 18. Bf4 Bd6 19. Bxd6 Qxd6 20. Ne4 Qf8 21. Rfd1
f5 22. Nc3 cxd4 23. Qxd4 Nc5 24. Qe3 Qe7 25. b4 Ne4 26. Nxe4 fxe4 27. Qxe4 g5
28. Rxd8+ Rxd8 29. b5 Qg7 30. Ne5 a6 31. Re1 axb5 32. cxb5 Nxb5 33. hxg5 hxg5
34. a6 Qc7 35. axb7+ Qxb7 36. Qg6 Qa6 37. Qxg5 Nc7 38. Nf7 Re8 39. Rc1 Kb8 40.
Rb1+ Kc8 41. Qc5 Rd8 42. Nxd8 Kxd8 43. Qd4+ Kc8 44. g3 Qa5 45. Rc1 Qg5 46.
Rxc7+ Kxc7 47. Qf4+ Qxf4 48. gxf4 Kd6 49. Kg2 Kc5 50. Kg3 Kd4 51. Kh4 Kd3 52.
Kg5 Ke4 53. f5 exf5 54. f4 Kd5 55. Kxf5 Kd6 56. Kf6 Kc6 57. f5 Kd5 58. Kg6 Ke5
59. f6 Kd6 60. f7 Ke7 61. Kg7 Ke6 62. f8=Q Kd5 63. Qb4 Ke5 64. Qc4 Kf5 65. Qd4
Ke6 66. Qc5 Kd7 67. Kf7 Kd8 68. Ke6 Ke8 69. Qc8# {Amateur checkmated} 1-0

[Event "ICS rated blitz match"]
[Site "204.178.125.65"]
[Date "2000.11.29"]
[Round "?"]
[White "Motoman"]
[Black "Hossa"]
[Result "0-1"]
[WhiteElo "2014"]
[BlackElo "2525"]
[PlyCount "50"]
[EventDate "2000.??.??"]

1. c4 e5 2. g3 f5 3. Nc3 Bc5 4. Bg2 Nc6 5. d3 Nf6 6. e3 O-O 7. Nge2 d6 8. a3 a6
9. O-O Ba7 10. b4 Be6 11. Nd5 Ng4 12. h3 Nf6 13. Qb3 Qd7 14. Bd2 f4 15. exf4
Bxd5 16. cxd5 Nd4 17. Nxd4 Bxd4 18. Rac1 Nh5 19. Kh2 exf4 20. Bc3 Bxf2 21. g4
f3 22. Rxf2 fxg2 23. Rxg2 Nf4 24. Rd2 Qe7 25. Bd4 Qh4 {Motoman resigns} 0-1

[Event "ICS rated blitz match"]
[Site "204.178.125.65"]
[Date "2000.11.29"]
[Round "?"]
[White "Hossa"]
[Black "Motoman"]
[Result "1-0"]
[WhiteElo "2527"]
[BlackElo "2012"]
[PlyCount "47"]
[EventDate "2000.??.??"]

1. e4 c5 2. c3 e6 3. d4 d5 4. e5 Nc6 5. Nf3 Qb6 6. Be2 Bd7 7. O-O Nge7 8. dxc5
Qxc5 9. Be3 Qa5 10. Qb3 Qc7 11. Na3 Nf5 12. Nb5 Qb8 13. Bf4 h5 14. Bd3 g6 15.
Bxf5 gxf5 16. Nd6+ Bxd6 17. exd6 f6 18. Rfe1 Kf8 19. Nh4 Kg7 20. c4 e5 21. cxd5
Nd4 22. Qg3+ Kf8 23. Qg6 Qd8 24. Bh6+ {Motoman resigns} 1-0

[Event "ICS rated blitz match"]
[Site "204.178.125.65"]
[Date "2000.11.29"]
[Round "?"]
[White "Bernardov"]
[Black "Hossa"]
[Result "1-0"]
[WhiteElo "2159"]
[BlackElo "2534"]
[PlyCount "79"]
[EventDate "2000.??.??"]

1. e4 e5 2. Nf3 Nc6 3. Bb5 a6 4. Ba4 Nf6 5. O-O Bc5 6. c3 b5 7. Bc2 O-O 8. d4
Bd6 9. dxe5 Nxe5 10. Nxe5 Bxe5 11. f4 Bd6 12. e5 Bc5+ 13. Kh1 d6 14. exf6 Qxf6
15. Be4 Rb8 16. Qd3 Qh4 17. Be3 Be6 18. Nd2 Bc4 19. Nxc4 bxc4 20. Qd2 Bxe3 21.
Qxe3 Rxb2 22. Qg3 Qe7 23. Bd5 Rfb8 24. Bxc4 a5 25. f5 Qf6 26. Rae1 a4 27. h3
Rc2 28. Re3 Rcb2 29. Rfe1 Rf8 30. Re7 h6 31. Rxc7 Qd8 32. Rce7 d5 33. f6 g6 34.
Bd3 g5 35. Qf3 Qc8 36. Qh5 Re2 37. Qxh6 Rxe1+ 38. Rxe1 Qxh3+ 39. gxh3 Re8 40.
Qg7# {Hossa checkmated} 1-0

[Event "ICS rated bullet match"]
[Site "204.178.125.65"]
[Date "2000.11.29"]
[Round "?"]
[White "Hossa"]
[Black "Marpy1"]
[Result "1-0"]
[WhiteElo "2660"]
[BlackElo "2282"]
[PlyCount "137"]
[EventDate "2000.??.??"]

1. e4 c6 2. d4 d5 3. Nc3 dxe4 4. Nxe4 Nd7 5. Nf3 Ndf6 6. Neg5 Bg4 7. Be2 Bxf3
8. Nxf3 e6 9. Ne5 Nd7 10. O-O Nxe5 11. dxe5 Qxd1 12. Rxd1 Ne7 13. Bd3 Nd5 14.
c4 Nb6 15. Be3 O-O-O 16. Bg5 Rd7 17. b3 h6 18. Be3 Be7 19. Kf1 Rhd8 20. Ke2 Kb8
21. a3 Nc8 22. f4 Rc7 23. c5 Rcd7 24. Be4 Rxd1 25. Rxd1 Rxd1 26. Kxd1 Kc7 27.
Bh7 Kd7 28. g4 Kd8 29. Be4 Kd7 30. Ke2 Ke8 31. Bd4 Kd7 32. b4 Bd8 33. Kf2 Ne7
34. Kg3 Nd5 35. h4 Ke7 36. Kf3 Kd7 37. h5 Ke7 38. Bc2 Kd7 39. Bd3 Ke7 40. Kg3
Kd7 41. Be4 Ke7 42. g5 hxg5 43. fxg5 Kf8 44. h6 gxh6 45. gxh6 Bg5 46. h7 Kg7
47. Bb2 Bd2 48. Bd3 Be3 49. Kf3 Bh6 50. Bc2 Bg5 51. Be4 Bh6 52. Bb1 Bg5 53. Kg4
Bh6 54. Bd3 Be3 55. Be4 Bh6 56. Kh4 Be3 57. Kh5 Bh6 58. h8=Q+ Kxh8 59. Kxh6 Kg8
60. Kg5 Kf8 61. Bd4 Ke7 62. Bd3 Nc3 63. Bxc3 f5 64. exf6+ Kf7 65. Bg6+ Kf8 66.
Be5 b5 67. Bd6+ Kg8 68. f7+ Kh8 69. f8=Q# {Marpy1 checkmated} 1-0

[Event "ICS rated blitz match"]
[Site "204.178.125.65"]
[Date "2000.11.29"]
[Round "?"]
[White "Hossa"]
[Black "LOGISTIC"]
[Result "1-0"]
[WhiteElo "2505"]
[BlackElo "2018"]
[PlyCount "59"]
[EventDate "2000.??.??"]

1. e4 d6 2. d4 Nf6 3. Nc3 g6 4. Bg5 Bg7 5. Nf3 c6 6. Bd3 b5 7. a4 b4 8. Na2 a5
9. O-O O-O 10. Qd2 Ba6 11. Nc1 Bxd3 12. cxd3 Nbd7 13. Ne2 Kh8 14. Rac1 Qb6 15.
Rc2 Rac8 16. b3 Rc7 17. Rfc1 Rfc8 18. Qf4 Rf8 19. Qh4 Nb8 20. Bh6 Ng8 21. Bxg7+
Kxg7 22. Nd2 Nf6 23. e5 Nd5 24. Nc4 Qa6 25. exd6 exd6 26. Qg3 Rd7 27. Nxd6 f5
28. Qe5+ Nf6 29. Nf4 Rxd6 30. Qxd6 {LOGISTIC resigns} 1-0

[Event "ICS rated bullet match"]
[Site "204.178.125.65"]
[Date "2000.11.29"]
[Round "?"]
[White "Marpy1"]
[Black "Hossa"]
[Result "0-1"]
[WhiteElo "2268"]
[BlackElo "2663"]
[PlyCount "72"]
[EventDate "2000.??.??"]

1. e3 Nf6 2. d4 e6 3. c4 Nc6 4. Nc3 Be7 5. Nf3 O-O 6. Be2 d6 7. O-O d5 8. Re1
dxc4 9. Bxc4 a6 10. Bb3 Na5 11. Bc2 b5 12. e4 c5 13. e5 Ng4 14. h3 cxd4 15.
Qxd4 Qxd4 16. Nxd4 Bc5 17. hxg4 Bxd4 18. Bf4 b4 19. Na4 Bd7 20. Rad1 Bxa4 21.
Bxa4 Bxb2 22. Rd7 Bc3 23. Red1 Nc4 24. Bb3 Nxe5 25. Bxe5 Bxe5 26. Rb7 a5 27.
Rdd7 Rad8 28. Re7 Rd2 29. g3 Bd4 30. g5 Bxf2+ 31. Kh1 Bxg3 32. g6 hxg6 33. Bc4
Bd6 34. Bd5 Bxe7 35. Bxe6 fxe6 36. Rxe7 Rf1# {Marpy1 checkmated} 0-1

[Event "ICS rated bullet match"]
[Site "204.178.125.65"]
[Date "2000.11.29"]
[Round "?"]
[White "Hossa"]
[Black "Marpy1"]
[Result "1-0"]
[WhiteElo "2666"]
[BlackElo "2265"]
[PlyCount "69"]
[EventDate "2000.??.??"]

1. e4 c6 2. d4 d5 3. Nc3 dxe4 4. Nxe4 Nd7 5. Nf3 Ndf6 6. Neg5 Bf5 7. Bd3 Bxd3
8. Qxd3 e6 9. Ne5 Nh6 10. O-O Bd6 11. Nexf7 Nxf7 12. Nxe6 Qe7 13. Re1 Kd7 14.
Nc5+ Bxc5 15. dxc5+ Nd5 16. Rxe7+ Kxe7 17. c4 Nf6 18. Bf4 Kf8 19. Qb3 Re8 20.
Qxb7 g6 21. Qxc6 Kg7 22. Qb7 Rc8 23. Qxa7 Rc6 24. b4 Rhc8 25. Be5 Kg8 26. b5
Re6 27. Bxf6 Rxf6 28. b6 Ne5 29. b7 Rcf8 30. b8=Q Ng4 31. c6 Nxf2 32. c7 Ne4
33. c8=Q Rf1+ 34. Rxf1 Ng3 35. Rxf8# {Marpy1 checkmated} 1-0

[Event "ICS rated blitz match"]
[Site "204.178.125.65"]
[Date "2000.11.29"]
[Round "?"]
[White "Hossa"]
[Black "SuperChicken"]
[Result "0-1"]
[WhiteElo "2536"]
[BlackElo "2705"]
[PlyCount "104"]
[EventDate "2000.??.??"]

1. e4 e5 2. Nf3 Nc6 3. Bb5 a6 4. Ba4 Nf6 5. O-O Be7 6. Bxc6 dxc6 7. Qe2 Bg4 8.
h3 Bxf3 9. Qxf3 O-O 10. d3 Nd7 11. Be3 Bg5 12. Qh5 Bxe3 13. fxe3 f6 14. Nc3 Qe7
15. Qf5 Nb6 16. a3 c5 17. a4 a5 18. Qf2 c4 19. d4 Rad8 20. Rfd1 exd4 21. exd4
Rd7 22. Qf5 Rfd8 23. Ne2 Qe8 24. Ra3 Rd6 25. b3 c5 26. c3 Qe7 27. Rb1 cxd4 28.
cxd4 g6 29. Qf3 Re6 30. bxc4 Nxc4 31. Ra2 Rxe4 32. Qd3 Rc8 33. Rc2 Re3 34. Qd1
Ra3 35. Nc1 Rc7 36. Re2 Qd7 37. Rb5 Ne3 38. Rxe3 Rxe3 39. Rxa5 Qc8 40. Nd3 Qd8
41. Nf2 Rce7 42. Qd2 Re1+ 43. Kh2 Qd6+ 44. g3 R7e3 45. Re5 fxe5 46. Qa2+ Kg7
47. Qb2 Qd5 48. Qb5 Qf7 49. Qd7 Qxd7 50. h4 Qf5 51. Kg2 Qf3+ 52. Kh3 Qxg3# {
Hossa checkmated} 0-1

[Event "ICS rated bullet match"]
[Site "204.178.125.65"]
[Date "2000.11.29"]
[Round "?"]
[White "blunite"]
[Black "Hossa"]
[Result "0-1"]
[WhiteElo "1959"]
[BlackElo "2669"]
[PlyCount "58"]
[EventDate "2000.??.??"]

1. d4 d5 2. c3 Nf6 3. Qb3 e6 4. Bg5 c5 5. e3 c4 6. Qc2 Bd6 7. f4 h6 8. Bxf6
Qxf6 9. Nf3 g5 10. g3 gxf4 11. exf4 Nc6 12. Nbd2 Bd7 13. Bg2 O-O-O 14. O-O Na5
15. b3 Bb5 16. Rfe1 Qg7 17. a4 cxb3 18. Nxb3 Nxb3 19. Qxb3 Bc4 20. Qb2 Ba6 21.
a5 Rhg8 22. Rab1 Rd7 23. Ne5 Rc7 24. Rec1 f6 25. c4 dxc4 26. Nf3 Qg4 27. Rc3
Kd8 28. Re1 Rd7 29. Qe2 Bb4 {blunite resigns} 0-1

[Event "ICS rated bullet match"]
[Site "204.178.125.65"]
[Date "2000.11.29"]
[Round "?"]
[White "Hossa"]
[Black "blunite"]
[Result "1-0"]
[WhiteElo "2670"]
[BlackElo "1958"]
[PlyCount "41"]
[EventDate "2000.??.??"]

1. e4 e5 2. Nf3 Nc6 3. Bb5 a6 4. Ba4 Nf6 5. O-O b5 6. Bb3 Bc5 7. a4 Rb8 8. axb5
axb5 9. d3 d6 10. Be3 Bb6 11. Nc3 b4 12. Nd5 Nxd5 13. Bxd5 Ne7 14. Bc4 h6 15.
Bxb6 Rxb6 16. d4 exd4 17. Nxd4 O-O 18. Ra8 Qd7 19. Qf3 Qg4 20. Bxf7+ Kh8 21.
Qxg4 {blunite resigns} 1-0

[Event "ICS rated blitz match"]
[Site "204.178.125.65"]
[Date "2000.11.29"]
[Round "?"]
[White "kojuharov"]
[Black "Hossa"]
[Result "0-1"]
[WhiteElo "2163"]
[BlackElo "2559"]
[PlyCount "58"]
[EventDate "2000.??.??"]

1. e4 e5 2. Nf3 Nc6 3. d4 exd4 4. c3 dxc3 5. Nxc3 Nf6 6. Bc4 Bc5 7. e5 Ng4 8.
Bxf7+ Kf8 9. Ne4 Bb4+ 10. Nfd2 Ngxe5 11. Bb3 d5 12. Ng3 Bg4 13. f3 Nd3+ 14. Kf1
Bc8 15. Qc2 Nxc1 16. Rxc1 Qg5 17. Nb1 Bd6 18. Nc3 Nd4 19. Qd1 Nxb3 20. axb3 Bf4
21. Rc2 c6 22. Nce2 Be3 23. h4 Qe7 24. Qd3 Bb6 25. Nf5 Qe5 26. Neg3 g6 27. Nh6
Qxg3 28. Qc3 d4 29. Qc4 Qf4 {kojuharov resigns} 0-1

[Event "ICS rated blitz match"]
[Site "204.178.125.65"]
[Date "2000.11.29"]
[Round "?"]
[White "Hossa"]
[Black "kojuharov"]
[Result "1-0"]
[WhiteElo "2562"]
[BlackElo "2160"]
[PlyCount "23"]
[EventDate "2000.??.??"]

1. e4 d5 2. exd5 Qxd5 3. Nc3 Qd6 4. Nf3 Nf6 5. Be2 a6 6. O-O Nc6 7. d3 Bg4 8.
Be3 O-O-O 9. Ng5 Bxe2 10. Qxe2 Ne5 11. Bf4 Nfd7 12. Nxf7 {kojuharov resigns}
1-0

[Event "ICS rated blitz match"]
[Site "204.178.125.65"]
[Date "2000.11.29"]
[Round "?"]
[White "PostModernist"]
[Black "Hossa"]
[Result "0-1"]
[WhiteElo "2638"]
[BlackElo "2565"]
[PlyCount "116"]
[EventDate "2000.??.??"]

1. d4 d5 2. Nf3 Nf6 3. e3 g6 4. Nbd2 Bg7 5. Be2 Bf5 6. h3 O-O 7. g4 Bc8 8. g5
Ne4 9. Bd3 Nd6 10. c4 dxc4 11. Nxc4 c5 12. d5 Nxc4 13. Bxc4 b5 14. Bb3 c4 15.
Bc2 Na6 16. e4 Bb7 17. a4 b4 18. Qe2 e6 19. dxe6 fxe6 20. O-O Qe7 21. Nh4 b3
22. Bd1 Nc5 23. e5 Be4 24. Qg4 Bxe5 25. Nf3 Bxf3 26. Bxf3 Rad8 27. Bg2 c3 28.
bxc3 Bxc3 29. Rb1 Rd4 30. Qg3 Rc4 31. Ba3 Bb4 32. Bb2 Rff4 33. Rfd1 Qf8 34. Qe3
Rf5 35. Bf6 Ba5 36. Rxb3 Nxb3 37. Qxb3 Qc8 38. Bf1 Rb4 39. Rc1 Qe8 40. Qc3 Rg4+
41. hxg4 Bxc3 42. gxf5 Bxf6 43. Bb5 Qd8 44. gxf6 gxf5 45. Re1 Kf7 46. Rb1 Kxf6
47. Bf1 h5 48. Rb4 Qd1 49. Rc4 a5 50. Rf4 Kg5 51. Rc4 e5 52. Kg2 h4 53. Kg1 h3
54. Rc7 h2+ 55. Kxh2 Qxf1 56. Kg3 Qh1 57. Rg7+ Kh6 58. Rf7 Qg1+ {
PostModernist resigns} 0-1

[Event "ICS rated blitz match"]
[Site "204.178.125.65"]
[Date "2000.11.29"]
[Round "?"]
[White "Hossa"]
[Black "kojuharov"]
[Result "1-0"]
[WhiteElo "2584"]
[BlackElo "2150"]
[PlyCount "49"]
[EventDate "2000.??.??"]

1. d4 Nf6 2. c4 g6 3. Nc3 Bg7 4. e4 d6 5. Nf3 O-O 6. Be2 e5 7. O-O Nc6 8. d5
Ne7 9. Bd2 Nd7 10. Qc1 f5 11. Ng5 Nf6 12. f3 c6 13. Bd3 h6 14. Ne6 Bxe6 15.
dxe6 f4 16. g3 g5 17. gxf4 exf4 18. Qc2 Ng6 19. Qb3 Qe7 20. c5 dxc5 21. Ne2 b5
22. Qa3 Ne5 23. Nc1 Rfd8 24. Ba5 Rd7 25. exd7 {kojuharov resigns} 1-0

[Event "ICS Rated blitz match"]
[Site "204.178.125.65"]
[Date "2000.11.29"]
[Round "?"]
[White "nureyev"]
[Black "Hossa"]
[Result "0-1"]
[WhiteElo "2002"]
[BlackElo "2586"]
[PlyCount "48"]
[EventDate "2000.??.??"]

1. d4 Nf6 2. c4 e6 3. Nc3 Bb4 4. Qc2 O-O 5. a3 Bxc3+ 6. Qxc3 b6 7. g3 Bb7 8.
Nf3 c5 9. dxc5 Ne4 10. Qc2 Nxc5 11. b4 Bxf3 12. exf3 Qf6 13. Bb2 Qxf3 14. Rg1
Qe4+ 15. Qxe4 Nxe4 16. Bd3 d5 17. cxd5 exd5 18. f3 Ng5 19. Kd2 Nxf3+ 20. Kc2
Rc8+ 21. Kb3 Nxg1 22. Rxg1 Nc6 23. Be2 Re8 24. Bf3 Re3+ {nureyev resigns} 0-1

[Event "ICS rated blitz match"]
[Site "204.178.125.65"]
[Date "2000.11.29"]
[Round "?"]
[White "Hossa"]
[Black "nureyev"]
[Result "1-0"]
[WhiteElo "2587"]
[BlackElo "2001"]
[PlyCount "77"]
[EventDate "2000.??.??"]

1. e4 c5 2. Nf3 d6 3. d4 cxd4 4. Nxd4 Nf6 5. Nc3 a6 6. Be2 e5 7. Nb3 Be6 8. O-O
Be7 9. f4 Qc7 10. Kh1 Nbd7 11. fxe5 Nxe5 12. Nd5 Bxd5 13. exd5 Rc8 14. c3 O-O
15. Rb1 Rfe8 16. Qd4 Ng6 17. Bd2 Bf8 18. Bd3 Kh8 19. Bg5 Be7 20. Bxf6 Bxf6 21.
Rxf6 gxf6 22. Bf5 Rcd8 23. Qxf6+ Kg8 24. Nd2 Qe7 25. Ne4 Rf8 26. Bxg6 Qxf6 27.
Nxf6+ Kg7 28. Nxh7 Rh8 29. Bf5 Rxh7 30. Bxh7 Kxh7 31. Re1 Rd7 32. Re8 Kg6 33.
g3 Kg5 34. Kg2 Kf5 35. Kf3 Kf6 36. h4 Kg6 37. Kf4 Kh6 38. Kf5 Kh5 39. Rh8# {
nureyev checkmated} 1-0

[Event "ICS rated blitz match"]
[Site "204.178.125.65"]
[Date "2000.11.29"]
[Round "?"]
[White "nureyev"]
[Black "Hossa"]
[Result "0-1"]
[WhiteElo "2000"]
[BlackElo "2588"]
[PlyCount "32"]
[EventDate "2000.??.??"]

1. e4 e5 2. d4 exd4 3. c3 d5 4. exd5 Qxd5 5. cxd4 Nc6 6. Nf3 Bg4 7. Be2 O-O-O
8. Be3 Qd7 9. Nc3 Bxf3 10. Bxf3 Nf6 11. O-O Nxd4 12. Bxd4 Qxd4 13. Qb3 Qb4 14.
Qc2 Bd6 15. a3 Qf4 16. Ne2 Qxh2# {nureyev checkmated} 0-1

[Event "ICS rated blitz match"]
[Site "204.178.125.65"]
[Date "2000.11.29"]
[Round "?"]
[White "Hossa"]
[Black "nureyev"]
[Result "1-0"]
[WhiteElo "2589"]
[BlackElo "1999"]
[PlyCount "25"]
[EventDate "2000.??.??"]

1. e4 c5 2. Nf3 d6 3. d4 cxd4 4. Nxd4 Nf6 5. Nc3 a6 6. Be2 e6 7. O-O Be7 8. Be3
O-O 9. a3 b5 10. Bf3 e5 11. Nf5 Bxf5 12. exf5 e4 13. Nxe4 {nureyev resigns} 1-0

[Event "ICS rated blitz match"]
[Site "204.178.125.65"]
[Date "2000.11.29"]
[Round "?"]
[White "Hossa"]
[Black "kojuharov"]
[Result "1-0"]
[WhiteElo "2592"]
[BlackElo "2121"]
[PlyCount "67"]
[EventDate "2000.??.??"]

1. d4 Nf6 2. c4 g6 3. Nc3 Bg7 4. e4 O-O 5. Nf3 d6 6. Be2 e5 7. O-O Nc6 8. d5
Ne7 9. Ne1 Nd7 10. Nc2 f5 11. f3 Nf6 12. Be3 f4 13. Bf2 g5 14. c5 Ng6 15. Rc1
Rf7 16. Na3 Bf8 17. cxd6 cxd6 18. Nc4 h5 19. Qa4 Bd7 20. Qb4 Bc8 21. Nb5 g4 22.
Bxa7 g3 23. hxg3 fxg3 24. Nb6 Ng4 25. Rfd1 Qh4 26. Nxa8 Qh2+ 27. Kf1 Qh1+ 28.
Bg1 Ne3+ 29. Ke1 Qxg1+ 30. Kd2 Nxd1 31. Rxc8 Nf2 32. Nxd6 Rf6 33. Nf5 Qxg2 34.
Qxb7 {kojuharov resigns} 1-0

[Event "ICS rated bullet match"]
[Site "204.178.125.65"]
[Date "2000.11.29"]
[Round "?"]
[White "explosiv-gent"]
[Black "Hossa"]
[Result "0-1"]
[WhiteElo "1998"]
[BlackElo "2673"]
[PlyCount "68"]
[EventDate "2000.??.??"]

1. e4 e5 2. Nc3 Nf6 3. Nf3 Nc6 4. Bc4 Nxe4 5. Nxe4 d5 6. Bxd5 Qxd5 7. Nc3 Qa5
8. O-O Bb4 9. Re1 O-O 10. a3 Bf5 11. axb4 Qxa1 12. Nxe5 Nxb4 13. d3 Rae8 14. g4
f6 15. gxf5 fxe5 16. Qg4 Nxc2 17. Rf1 Qa6 18. Nd5 Rf7 19. Nxc7 Rxc7 20. Bg5
Qxd3 21. f6 Nd4 22. fxg7 Nf3+ 23. Kg2 Rxg7 24. Qxf3 Rxg5+ 25. Qg3 Rxg3+ 26.
hxg3 Qd4 27. Rh1 Qxb2 28. Rh4 Qc2 29. Rg4+ Kf7 30. Rb4 Rb8 31. Rb5 Qc6+ 32. Rd5
Qxd5+ 33. Kh2 Qf3 34. g4 Qxg4 {explosiv-gent resigns} 0-1

[Event "ICS rated bullet match"]
[Site "204.178.125.65"]
[Date "2000.11.29"]
[Round "?"]
[White "Hossa"]
[Black "explosiv-gent"]
[Result "1-0"]
[WhiteElo "2674"]
[BlackElo "1997"]
[PlyCount "71"]
[EventDate "2000.??.??"]

1. e4 e6 2. d4 d5 3. Nd2 Ne7 4. Ngf3 c5 5. dxc5 dxe4 6. Nxe4 Qxd1+ 7. Kxd1 Nf5
8. g4 Nh6 9. Bxh6 gxh6 10. Nd6+ Bxd6 11. cxd6 Nc6 12. Bb5 Bd7 13. Ke2 O-O-O 14.
Rhd1 e5 15. Bxc6 Bxc6 16. h4 Rhe8 17. c4 b6 18. Rd2 Re6 19. Rad1 h5 20. g5 h6
21. gxh6 Rxh6 22. Ke3 e4 23. Ne5 Be8 24. d7+ Bxd7 25. Nxd7 Rxd7 26. Rxd7 Rf6
27. Rxa7 Rf3+ 28. Ke2 Rf4 29. Rg1 Kb8 30. Re7 Rg4 31. Rxg4 hxg4 32. h5 f5 33.
h6 f4 34. h7 f3+ 35. Ke3 b5 36. h8=Q# {explosiv-gent checkmated} 1-0

[Event "ICS rated blitz match"]
[Site "204.178.125.65"]
[Date "2000.11.29"]
[Round "?"]
[White "Slivovitz"]
[Black "Hossa"]
[Result "0-1"]
[WhiteElo "2039"]
[BlackElo "2594"]
[PlyCount "22"]
[EventDate "2000.??.??"]

1. e4 c5 2. Nc3 Nc6 3. g3 g6 4. Bg2 Bg7 5. h3 Nh6 6. d3 f5 7. Nge2 O-O 8. Be3
fxe4 9. Nxe4 Nf5 10. Bxc5 Bxb2 11. Rb1 Qa5+ {Slivovitz resigns} 0-1

[Event "ICS rated blitz match"]
[Site "204.178.125.65"]
[Date "2000.11.29"]
[Round "?"]
[White "Hossa"]
[Black "Slivovitz"]
[Result "1-0"]
[WhiteElo "2595"]
[BlackElo "2038"]
[PlyCount "48"]
[EventDate "2000.??.??"]

1. e4 e6 2. d4 d5 3. Nd2 Nf6 4. e5 Nfd7 5. Bd3 c5 6. c3 Nc6 7. Ne2 Be7 8. O-O
cxd4 9. cxd4 Nb6 10. a3 Bd7 11. b3 a5 12. Nf3 a4 13. b4 Na7 14. Nc3 O-O 15. Qc2
h6 16. Bd2 Rc8 17. Rfc1 Nb5 18. Be1 Nxc3 19. Bxc3 Qe8 20. h4 Bb5 21. Ra2 Bc4
22. Rb2 Rc7 23. Bd2 Qc8 24. Bf4 Bxd3 {Slivovitz resigns} 1-0

[Event "ICS rated blitz match"]
[Site "204.178.125.65"]
[Date "2000.11.29"]
[Round "?"]
[White "Slivovitz"]
[Black "Hossa"]
[Result "0-1"]
[WhiteElo "2037"]
[BlackElo "2596"]
[PlyCount "66"]
[EventDate "2000.??.??"]

1. e4 e5 2. Nc3 Nf6 3. Nf3 Nc6 4. Bc4 Nxe4 5. O-O Nxc3 6. dxc3 Be7 7. Re1 d6 8.
b4 O-O 9. a4 Bg4 10. h3 Be6 11. Bxe6 fxe6 12. Qd3 Bf6 13. Nh2 Qd7 14. Ng4 a6
15. Be3 Bh4 16. g3 Be7 17. Kg2 d5 18. Bd2 Rf5 19. Ne3 e4 20. Qe2 Rf3 21. Nf1
Raf8 22. Be3 Bf6 23. Ra3 Qf7 24. Nh2 Be7 25. Kg1 Rf6 26. Ng4 Rf5 27. Rb3 h5 28.
Nh2 h4 29. g4 Qg6 30. Kh1 R5f6 31. Rg1 Bd6 32. Rg2 Rf3 33. Rg1 Rxh3 {
Slivovitz resigns} 0-1

[Event "ICS rated blitz match"]
[Site "204.178.125.65"]
[Date "2000.11.29"]
[Round "?"]
[White "Hossa"]
[Black "Slivovitz"]
[Result "1/2-1/2"]
[WhiteElo "2597"]
[BlackElo "2036"]
[PlyCount "105"]
[EventDate "2000.??.??"]

1. d4 e6 2. Nf3 Nf6 3. Bg5 Be7 4. e3 d5 5. Bd3 Nbd7 6. O-O h6 7. Bh4 O-O 8.
Nbd2 c5 9. c3 b6 10. Qc2 Bb7 11. Bg3 a6 12. Rfd1 Rc8 13. Bf4 b5 14. Ne5 Nxe5
15. Bxe5 Nd7 16. Nf3 Nxe5 17. Nxe5 Bd6 18. f4 Bxe5 19. fxe5 f6 20. exf6 Qxf6
21. Bh7+ Kh8 22. Rf1 Qg5 23. Rf4 Rxf4 24. exf4 Qxf4 25. dxc5 Qe3+ 26. Kh1 Qxc5
27. Re1 Qd6 28. Qg6 Rf8 29. a3 Qe5 30. Qb1 Qf6 31. Bd3 e5 32. Rf1 Qe7 33. Bf5
Rf6 34. Kg1 e4 35. g3 Qe5 36. Bg4 d4 37. Rxf6 Qxf6 38. cxd4 Qxd4+ 39. Kg2 Qd2+
40. Kg1 Qe3+ 41. Kf1 Qd2 42. Kg1 Qd4+ 43. Kg2 e3+ 44. Kh3 Be4 45. Qc1 Qd2 46.
Qc8+ Kh7 47. Bf5+ Bxf5+ 48. Qxf5+ Kg8 49. Qc8+ Kh7 50. Qf5+ Kg8 51. Qc8+ Kh7
52. Qf5+ Kg8 53. Qc8+ {Game drawn by repetition} 1/2-1/2

[Event "ICS rated blitz match"]
[Site "204.178.125.65"]
[Date "2000.11.29"]
[Round "?"]
[White "kojuharov"]
[Black "Hossa"]
[Result "0-1"]
[WhiteElo "2131"]
[BlackElo "2582"]
[PlyCount "68"]
[EventDate "2000.??.??"]

1. e4 e5 2. d4 exd4 3. c3 d5 4. exd5 Qxd5 5. Qxd4 Qxd4 6. cxd4 Nf6 7. Nc3 Nc6
8. Bb5 Bd7 9. Nf3 O-O-O 10. O-O a6 11. Bc4 Bf5 12. Bxf7 Nxd4 13. Nxd4 Rxd4 14.
Be3 Rd7 15. Bb3 Bd6 16. h3 Kb8 17. Rfd1 Re8 18. Ba4 c6 19. Rac1 h6 20. Rxd6
Rxd6 21. Bf4 Kc7 22. Rd1 Red8 23. g4 Bg6 24. f3 b5 25. Bb3 c5 26. Nd5+ Nxd5 27.
Rxd5 c4 28. Bd1 Bb1 29. a3 g5 30. Bxd6+ Rxd6 31. Rxd6 Kxd6 32. f4 gxf4 33. Kf2
a5 34. h4 b4 {kojuharov resigns} 0-1

[Event "ICS rated blitz match"]
[Site "204.178.125.65"]
[Date "2000.11.29"]
[Round "?"]
[White "Hossa"]
[Black "gaudi"]
[Result "1-0"]
[WhiteElo "2584"]
[BlackElo "2144"]
[PlyCount "99"]
[EventDate "2000.??.??"]

1. e4 e6 2. d4 d5 3. Nd2 c6 4. exd5 exd5 5. Bd3 Bd6 6. Ne2 Nf6 7. O-O O-O 8.
Re1 Bg4 9. Nb3 Nbd7 10. f3 Bh5 11. Bf4 Qc7 12. Qd2 Rfe8 13. Bxd6 Qxd6 14. Qf4
Qxf4 15. Nxf4 Bg6 16. Nxg6 hxg6 17. g4 Kf8 18. Na5 Rab8 19. Kg2 Rxe1 20. Rxe1
Ne8 21. c4 dxc4 22. Nxc4 Nb6 23. Nxb6 axb6 24. Kf2 Nc7 25. Be4 Rd8 26. Rd1 Nb5
27. Ke3 c5 28. d5 Nd6 29. Bd3 Ra8 30. a3 b5 31. h4 b6 32. f4 Ra4 33. Kf3 Rd4
34. Be2 Rxd1 35. Bxd1 Nc4 36. Be2 f5 37. Bd3 Nd6 38. Kg3 Kf7 39. gxf5 gxf5 40.
h5 Kf6 41. Be2 c4 42. Bd1 Ne4+ 43. Kf3 Ke7 44. Bc2 Nd6 45. Ke3 Kf6 46. Kd4 Nf7
47. a4 bxa4 48. Kxc4 g5 49. hxg6 Kxg6 50. Kb5 {gaudi resigns} 1-0